Teorie a praxe vyučování českému jazyku na gymnáziu
| Hlavní autor: | Čechová, Marie, 1937- |
|---|---|
| Jazyk: | Čeština |
| Vydáno: |
Praha, 1982 |
|
| LEADER | 00518nam a22001692a 4500 | ||
|---|---|---|---|
| 001 | 000207567 | ||
| 003 | CZ BrMZK | ||
| 005 | 19961101143423.0 | ||
| 007 | ta | ||
| 008 | 950101s1982 xr f cze d | ||
| 040 | |a BOA001 |b cze | ||
| 100 | 1 | |a Čechová, Marie, |d 1937- |7 jk01021166 | |
| 245 | 1 | 0 | |a Teorie a praxe vyučování českému jazyku na gymnáziu |
| 260 | |a Praha, |c 1982 | ||
| 910 | |a BOA001 |b 4-0804.699-82 | ||
| 990 | |a BK | ||
| 996 | 7 | |b 2619839748 |c 4-0804.699-82 |l MZK |r Sklad / do 1 hodiny |n 5 |w 000207567 |u 000010 |a 1 |e BOA001 |j MZK50 |s A | |
English
Čeština 